000 00852nam a22002297a 4500
005 20130314123335.0
010 _aENG-105228 B-489105-115
020 _a9788184002737
_c150.00
035 _aEN-88761 B-489105-115
037 _bDBAD/PUB
037 _bStar Pub/Ven
082 _aS
100 _aModi, Yuvnesh
245 _aThe game changers :
_cby Yuvnesh Modi, Rahul Kumar [and] Alok Kothari
_b20 extraordinary success stories of entrepreneurs from IIT Kharagpur /
260 _aNoida
_bRandom House Publishers
_c2012
270 _aWindsor IT Park, 7th Floor, Tower-B, A-1, Sector-125
_bNoida
_e201301
300 _axvi,262p.
_c21cm(pbk)
700 _946704
_aRahul Kumar
700 _aKothari, Alok
_946712
942 _2ddc
_cEN
_mMOD
_hS
999 _c66357
_d66357